000 00421nam a22001697a 4500
005 20180203123556.0
010 _aENG-122197
020 _a9789386850041
_c350.00
035 _aEN-105729
037 _bDBAD/PUB
082 _aN
100 _aNamburi, Upendra
245 _a8 hours/
_cby Upendra Namburi
260 _aNew Delhi
_bWestland Publications
_c2017
300 _a282p.
_c22cm.(Hb)
942 _2ddc
_cEN
_hN
_mNAM
999 _c149667
_d149667